Tous les personnages de Overwatch 2 - Statistiques

Statistiques générales
  • Ce quiz a été pris 65 fois
  • Le résultat moyen est 31 sur 41
Statistiques - réponses
Types Personnages % Correct
Soutien Ange
94%
Tank D.VA
92%
Soutien Ana
90%
Tank Reinhardt
90%
Tank Winston
90%
Tank Chopper
86%
Soutien Lúcio
84%
Tank Orisa
82%
Soutien Baptiste
80%
Soutien Brigitte
80%
Dégats Fatale
80%
Soutien Moira
80%
Tank Sigma
80%
Dégats Soldat 76
80%
Dégats Torbjörn
80%
Dégats Tracer
80%
Dégats Bastion
78%
Dégats Genji
78%
Dégats Hanzo
78%
Dégats Mei
76%
Dégats Sombra
76%
Soutien Zenyatta
76%
Dégats Ashe
73%
Tank Bouldozer
73%
Dégats Cassidy
73%
Tank Doomfist
73%
Tank Zarya
73%
Dégats Symmetra
71%
Dégats Chacal
69%
Tank Ramattra
69%
Soutien Juno
67%
Tank Mauga
67%
Dégats Pharah
67%
Dégats Écho
65%
Dégats Faucheur
65%
Dégats Sojourn
65%
Dégats Venture
65%
Soutien Vital
63%
Tank Reine des Junkers
61%
Soutien Kiriko
59%
Soutien Illari
51%
Aucun quiz correspondant
Distribution des résultats
% des personnes avec chaque résultat
Percentile par nombre de réponses
Votre historique - résultats
Vous n’avez pas pris ce quiz